| 000 | 01535nam a2200337 a 4500 | ||
|---|---|---|---|
| 001 | 00000217 | ||
| 003 | DO-SdBNP | ||
| 005 | 20160411131646.0 | ||
| 007 | 00000217 | ||
| 008 | 150130s2012 dr ac 000 0 spa d | ||
| 020 | _a9789945174120 | ||
| 040 |
_aBPMSU _bspa _cBPMSU |
||
| 092 |
_a372.7 _bM425e, 6to. 2012 |
||
| 245 | 0 | 0 |
_aMatemática 6 : _beducación básica / _ccolaboración Pablo César Smester Báez; dirección editorial Doris Arroba Jácome |
| 260 |
_aSanto Domingo : _bSM, _c2012. |
||
| 300 |
_a223 p. : _bil., retrs. ; _c29 cm. |
||
| 490 | 1 | _aProyecto Sé | |
| 505 | 1 |
_av. 6 : _gunidad 1 -- _tNúmeros naturales -- _gunidad 2 -- _tMúltiplos y divisores, potencias y raíces -- _gunidad 3 -- _tFracciones -- _gunidad 4 -- _tNúmeros decimales -- _gunidad 5 -- _tRazones, proporciones y porcentajes -- _gunidad 6 -- _tMediciones -- _gunidad 7 -- _tFormas geométricas -- _gunidad 8 -- _tPerímetro y área de figuras planas -- _gunidad 9 -- _tCuerpos geométricos, áreas y volumen -- _gunidad 10 -- _tTratamiento de la información -- |
|
| 650 |
_aMATEMÁTICAS _xENSEÑANZA BÁSICA |
||
| 650 |
_aMATEMÁTICAS _xENSEÑANZA ELEMENTAL |
||
| 650 |
_aEDUCACIÓN PRIMARIA _zREPÚBLICA DOMINICANA |
||
| 650 |
_aMATEMÁTICAS _xESTUDIOS Y EJERCICIOS |
||
| 650 |
_aMATEMÁTICAS _xLIBROS DE TEXTOS |
||
| 700 | 1 | 2 | _aSmester, Pablo César |
| 700 | 1 | 2 |
_aArroba Jácome, Doris _eed. |
| 700 | 1 |
_aChaves, Verónica _eil. |
|
| 830 | 0 | _aProyecto Sé | |
| 910 | _aValidado. Control de calidad MFF | ||
| 942 |
_2ddc _cBK |
||
| 956 |
_aYLOCKWARD _b10 |
||
| 999 |
_c9482 _d9482 |
||